| 000 | 00446nam a2200181Ia 4500 | ||
|---|---|---|---|
| 005 | 20250923144225.0 | ||
| 008 | 008 250917s9999 xx 000 0 eng d | ||
| 037 | _aTextual | ||
| 040 |
_aDSWL _beng _cDSWL |
||
| 041 |
_aeng _2eng |
||
| 084 | _qDSWL | ||
| 100 |
_aDrucker, P.F _9822554 |
||
| 245 | 0 |
_aEnd of economic mar _cby P.F Drucker |
|
| 260 | _c1939 | ||
| 300 | _a153 p. | ||
| 942 | _cTEXL | ||
| 999 |
_c1436259 _d1436259 |
||